000 00604nam a2200205Ii 4500
001 4532
003 CO-ViMGA
008 241108s9999||||xx |||||||||||||| ||und||
040 _aCO-ViMGA
_bspa
_erda
_cCO-ViMGA
041 0 _aspa
082 0 4 _a610 F979
110 1 _aFundación comunidades colombianas Funcol
_952851
245 1 0 _aMedicina Shamanismo y botánica
264 1 _aBogotá, Colombia : Presencia, 1983
300 _avolumen
336 _atext
_btxt
_2rdacontent
337 _aunmediated
_bn
_2rdamedia
338 _avolume
_bnc
_2rdacarrier
940 _aidficha_siabuc: 4420. -- ficha_no_siabuc:4532
999 _c47830
_d47830